Fundamentals of television engineering (Record no. 86635)

MARC details
000 -LEADER
fixed length control field 00310pam a2200145 a 4500
020 ## - INTERNATIONAL STANDARD BOOK NUMBER
Terms of availability
040 ## - CATALOGING SOURCE
Original cataloging agency DTUN_110042
041 ## - LANGUAGE CODE
Language code of text/sound track or separate title eng
082 ## - DEWEY DECIMAL CLASSIFICATION NUMBER
Classification number 621.388
Item number DHA
100 ## - MAIN ENTRY--PERSONAL NAME
Personal name Glenn,M.G
245 ## - TITLE STATEMENT
Title Fundamentals of television engineering
260 ## - PUBLICATION, DISTRIBUTION, ETC.
Name of publisher, distributor, etc. Tata McGraw-Hill
Date of publication, distribution, etc. 1986
300 ## - PHYSICAL DESCRIPTION
Extent 642
930 ## - EQUIVALENCE OR CROSS-REFERENCE-UNIFORM TITLE HEADING [LOCAL, CANADA]
Uniform title 9730
Holdings
Withdrawn status Lost status Damaged status Not for loan Collection Home library Current library Date acquired Source of acquisition Cost, normal purchase price Total Checkouts Full call number Barcode Date last seen Copy number Price effective from Koha item type
          Yashwantrao Mohite College of Arts, Science And Commerce, Pune Yashwantrao Mohite College of Arts, Science And Commerce, Pune 10/06/2021 Everest Publication House 36.00   621.388 DHA YMP-30515 24/02/2023 3 24/02/2023 Book
          Yashwantrao Mohite College of Arts, Science And Commerce, Pune Yashwantrao Mohite College of Arts, Science And Commerce, Pune 10/06/2021 Everest Publication House 36.00   621.388 DHA YMP-30514 24/02/2023 2 24/02/2023 Book
          Yashwantrao Mohite College of Arts, Science And Commerce, Pune Yashwantrao Mohite College of Arts, Science And Commerce, Pune 10/06/2021 Everest Publication House 36.00   621.388 DHA YMP-30513 24/02/2023 1 24/02/2023 Book